99 ways to improve your shortwave listening (Record no. 33155)

MARC details
000 -LEADER
fixed length control field 00625nam a2200169 a 4500
008 - FIXED-LENGTH DATA ELEMENTS--GENERAL INFORMATION
fixed length control field 120416s1972 ||||||||||||||||| || u
020 ## - INTERNATIONAL STANDARD BOOK NUMBER
International Standard Book Number 067220911X
050 ## - LIBRARY OF CONGRESS CALL NUMBER
Classification number TK 6564.S5 Buc
100 ## - MAIN ENTRY--PERSONAL NAME
Personal name Buckwalter, Len
245 10 - TITLE STATEMENT
Title 99 ways to improve your shortwave listening
260 ## - PUBLICATION, DISTRIBUTION, ETC.
Place of publication, distribution, etc. Indianapolis:
Name of publisher, distributor, etc. Howard W. Sams & Co
Date of publication, distribution, etc. 1972
300 ## - PHYSICAL DESCRIPTION
Extent 143p. : ill.
350 ## - PRICE (NR) (BK AM CF MU VM SE) [OBSOLETE]
Price 0.00
650 ## - SUBJECT ADDED ENTRY--TOPICAL TERM
Topical term or geographic name entry element SHORTWAVE RADIO--RECEIVERS AND RECEPTION
650 ## - SUBJECT ADDED ENTRY--TOPICAL TERM
Topical term or geographic name entry element RADIO--AMATEUR'S MANUALS
995 ## - RECOMMENDATION 995 [LOCAL, UNIMARC FRANCE]
-- 0.00
-- CBU-MAIN LIBRARY (Kitwe)
-- 1
-- 0.00
-- 1
-- WEEDED
-- Main Library Open Access Collection
Holdings
Withdrawn status Lost status Source of classification or shelving scheme Damaged status Not for loan Home library Current library Shelving location Date acquired Total Checkouts Full call number Barcode Date last seen Price effective from Koha item type
          CBU-MAIN LIBRARY, KITWE. CBU-MAIN LIBRARY, KITWE.   11/30/2022   TK 6564.S5 Buc 017740 11/30/2022 11/30/2022 MONOGRAPH